Los Conflictos ambientales y su tratamiento a travš de la mediacin̤

Bibliographic Details
Main Author: Mondǰar Pedreǫ, Remedios
Format: eBook
Language:Spanish
Published: Madrid : Dykinson, 2015
Series:Prc̀tica de mediacin̤
Subjects:
Online Access:Acceso restringido

MARC

LEADER 00000nam a2200000 a 4500
001 .b63471486
005 20150810142055.0
007 cr |||||||||||
008 150615s2015 sp s 000 0 spa|c
020 |a 9788490853771 
035 |a 12809 
040 |d vLex 
090 |c 5499  |d 5499 
100 1 |a Mondǰar Pedreǫ, Remedios 
245 1 4 |a Los Conflictos ambientales y su tratamiento a travš de la mediacin̤  |h [Recurso electrn̤ico] /  |c Remedios Mondǰar Pedreǫ 
256 |a Servicio en ln̕ea 
260 |a Madrid :  |b Dykinson,  |c 2015 
300 |a 1 recurso electrn̤ico (210 p.) 
490 0 |a Coleccin̤ prc̀tica de mediacin̤  
504 |a Índice. Bibliografa̕ 
506 1 |a Contenido disponible en los productos indicados  |d vLex Global  |d vLex Global (Academic Edition, excluding Law Schools)  |d vLex Global (U.S. Academic Edition, Law Schools)  |d vLex Global (U.S. Academic Edition, excluding Law Schools)  |d vLex Global (Academic Edition, Law Schools) 
650 0 4 |a Mediacin̤  |x Aspectos legales 
650 0 4 |a Medio ambiente 
740 0 |a vLex Libros (Servicio en ln̕ea) 
830 0 |a Prc̀tica de mediacin̤  
856 4 0 |z Acceso restringido  |u http://vlex.com/source/conflictos-ambientales-tratamiento-mediacion-12809 
942 |c BOOK 
999 0 |a Mediation 
999 0 |a Environnement